الماركسية والإسلام / (Record no. 17845)
[ view plain ]
| 000 -الفاتح | |
|---|---|
| حقل البيانات ثابتة الطول | 00714nam a22002057a 4500 |
| 008 - عناصر البيانات ثابتة الطول - معلومات عامة | |
| حقل البيانات ثابتة الطول | 131212t1983 ua a gr||||f000 0 ara d |
| 020 ## - الرقم الدولى المعيارى للكتب | |
| الرقم الدولى المعيارى للكتاب الملغى /الخاطئ | 977020322 |
| 082 04 - رقم تصنيف ديوى العشرى | |
| رقم الطبعة | 22 |
| رقم التصنيف | 335.4 |
| رقم المادة | م ح م |
| 100 1# - المدخل الرئيسى - إسم شخصى | |
| 9 (RLIN) | 34614 |
| الإسم الشخصى | محمود، مصطفى، |
| التواريخ المصاحبة للاسم | 1921-2009 |
| 245 12 - بيان العنوان | |
| العنوان | الماركسية والإسلام / |
| بيان المسئوليه,etc | مصطفى محمود. |
| 250 ## - بيان الطبعة | |
| بيان الطبعة | ط. 4. |
| 260 ## - PUBLICATION, DISTRIBUTION, ETC. (IMPRINT) | |
| مكان الناشر او الموزع | القاهرة : |
| اسم الناشر او الموزع | دار المعارف، |
| تاريخ النشر أو التوزيع | ح.1983. |
| 300 ## - الوصف المادى | |
| التعداد | 85 ص. : |
| تفاصيل ماديه اخرى للوعاء | رسوم ؛ |
| أبعاد الوعاء | 20 سم. |
| 590 ## - تبصرة محلية(RLIN) | |
| تبصرة محلية | Book for the road program. |
| 650 #0 - المدخل الاضافى بالموضوع-مصطلح موضوعى | |
| 9 (RLIN) | 27771 |
| مصطلح موضوعي أو اسم جغرافي كعنصر مدخل | الماركسية |
| التقسيم الفرعي العام | فلسفة |
| 650 #0 - المدخل الاضافى بالموضوع-مصطلح موضوعى | |
| 9 (RLIN) | 15046 |
| مصطلح موضوعي أو اسم جغرافي كعنصر مدخل | الإسلام والشيوعية |
| 653 ## - مصطلح تكشيفى غير مقيد | |
| Resource For college | |
| Arrived date list | December2012 |
| 655 ## - مصطلح تكشيفى-نوع/شكل | |
| التقسيم الفرعي الشكلي | |
| -- | 34232 |
| 942 ## - عناصر المدخل الإضافي( كوها) | |
| مصدر التصنيف او مخطط الترفيف | Dewey Decimal Classification |
| Koha [default] item type | Book - Borrowing |
| سابقة رقم الطلب | 335.4 م ح م |
| حالة التراجع | حالة الفقد | مصدر التصنيف او خطة الترفيف | تحديد مواد ( مجلدات مجمعه أو جزء أخر) | حالة تلف | ليس للاعارة | مجموعات كوها | المكان الدائم | المكان الحالي | موقع الترفيف | تاريخ الاكتساب | Source of acquisition | سعر الشراء الطبيعي | رقم الاستدعاء | الباركود | Date last seen | مُعار | التكلفة | نوع الوعاء |
|---|---|---|---|---|---|---|---|---|---|---|---|---|---|---|---|---|---|---|
| Dewey Decimal Classification | Lost_In_Inventory_11-6-2024 | سور الازبكية | Central Library | Central Library | First floor | 12/12/2013 | 15.00 | 335.4 م ح م | 000035178 | 15/07/2025 | 29/10/2015 | 0.00 | Book - Borrowing |